| 000 | 00938nam a22002657a 4500 | ||
|---|---|---|---|
| 003 | OSt | ||
| 005 | 20250729155244.0 | ||
| 008 | 200219t1972 ck o|||dr|||| 00| j spa d | ||
| 020 | _a8422605082 | ||
| 040 |
_aCO-JMCR _cCO-JMCR |
||
| 041 | 1 |
_aspa _heng |
|
| 082 | 0 | 4 |
_aJ-C _bBACj |
| 100 | 1 |
_aBach, Richard, _eautor _9766 |
|
| 245 | 1 | 0 |
_aJuan Salvador Gaviota : _bun relato / _cRichard Bach ; fotografías de Russell Munson ; traducción de Carol y Frederick Howell |
| 260 |
_aBogotá : _bCirculo de Lectores, _c1972 |
||
| 300 |
_a147 páginas : _bfotografías a blanco y negro ; _c21 cm. |
||
| 546 | _aTraducido del inglés | ||
| 650 | 1 | 4 |
_aCuentos estadounidenses _9767 |
| 650 | 1 | 4 |
_aMetáforas en literatura _9769 |
| 650 | 1 | 4 |
_aSolidaridad en la literatura _9770 |
| 700 | 1 |
_aMunson, Russell, _efotógrafo _9771 |
|
| 700 | 1 |
_aHowell, Carol, _dtraductora _9774 |
|
| 700 | 1 |
_aHowell, Frederick, _dtraductor _9775 |
|
| 942 |
_2ddc _cBK |
||
| 999 |
_c6560 _d6560 |
||